Statistics for Find the Spelling #2

Click here to take the quiz!

General Stats

  • This quiz has been taken 65 times
  • The average score is 5 of 5

Answer Stats

QuestionAnswer% Correct
Which is correct?Beautiful
100%
Which is correct?Chief
100%
Which is correct?Believe
98%
Which is correct?Definitely
92%
Which is correct?Unnecessarily
92%

Score Distribution

Percentile by Number Answered

Percent of People with Each Score

Your Score History

You have not taken this quiz